النظام التأديبى للموظفين الدوليين / (Record no. 41686)
[ view plain ]
| 000 -LEADER | |
|---|---|
| fixed length control field | 01250nam a2200313 4500 |
| 003 - CONTROL NUMBER IDENTIFIER | |
| control field | EG-GICUC |
| 005 - DATE AND TIME OF LATEST TRANSACTION | |
| control field | 20260121101155.0 |
| 008 - FIXED-LENGTH DATA ELEMENTS--GENERAL INFORMATION | |
| fixed length control field | 251107s2009 |||||||fr|||| 00| 0 ara d |
| 040 ## - CATALOGING SOURCE | |
| Original cataloging agency | EG-GICUC |
| Language of cataloging | ara |
| Transcribing agency | EG-GICUC |
| Modifying agency | EG-GICUC |
| Description conventions | rda |
| 041 0# - LANGUAGE CODE | |
| Language code of text/sound track or separate title | ara |
| 082 04 - DEWEY DECIMAL CLASSIFICATION NUMBER | |
| Edition number | 21 |
| Classification number | 341.21 |
| Item number | م ح . ن |
| 092 04 - LOCALLY ASSIGNED DEWEY CALL NUMBER (OCLC) | |
| Edition number | 21 |
| 099 ## - LOCAL FREE-TEXT CALL NUMBER (OCLC) | |
| Classification number | Law1 11 341.2 م ح . ن 1 ed- 2009 |
| 100 0# - MAIN ENTRY--PERSONAL NAME | |
| Personal name | محمد احمد صفوت |
| Relator term | مؤلف. |
| 245 12 - TITLE STATEMENT | |
| Title | النظام التأديبى للموظفين الدوليين / |
| Statement of responsibility, etc. | محمد احمد صفوت |
| 250 ## - EDITION STATEMENT | |
| Edition statement | الطبعة الاولى |
| 264 #1 - PRODUCTION, PUBLICATION, DISTRIBUTION, MANUFACTURE, AND COPYRIGHT NOTICE | |
| Place of production, publication, distribution, manufacture | دون مكان نشر، |
| Name of producer, publisher, distributor, manufacturer | دون ناشر: |
| Date of production, publication, distribution, manufacture, or copyright notice | 2009. |
| 300 ## - PHYSICAL DESCRIPTION | |
| Extent | 559 ؛صفحة |
| Dimensions | 24 سم |
| 336 ## - CONTENT TYPE | |
| Source | rda content |
| Content type term | text |
| 337 ## - MEDIA TYPE | |
| Source | rda media |
| Media type term | Computer |
| 338 ## - CARRIER TYPE | |
| Source | rda carrier |
| Carrier type term | Online Resource |
| 504 ## - BIBLIOGRAPHY, ETC. NOTE | |
| Bibliography, etc. note | يحتوي على اراجاعات ببليوجرافية<br/>يحتوي على قائمة بالمراجع. |
| 546 ## - LANGUAGE NOTE | |
| Language note | النص أغلبه باللغة العربية بعض النصوص الإنجليزية والفرنسية |
| 650 1# - SUBJECT ADDED ENTRY--TOPICAL TERM | |
| Topical term or geographic name entry element | الموظفون الدوليون. |
| General subdivision | القانون الدولى - |
| Source of heading or term | qrmak |
| 651 1# - SUBJECT ADDED ENTRY--GEOGRAPHIC NAME | |
| Source of heading or term | qrmak |
| 856 40 - ELECTRONIC LOCATION AND ACCESS | |
| Uniform Resource Identifier | <a href="https://fll.law.cu.edu.eg/fulltext/bks/B11-04676.pdf">https://fll.law.cu.edu.eg/fulltext/bks/B11-04676.pdf</a> |
| 905 ## - Cataloger and Reviser Names | |
| Cataloger Name: | Rawan khaled |
| 942 ## - ADDED ENTRY ELEMENTS (KOHA) | |
| Source of classification or shelving scheme | Dewey Decimal Classification |
| Suppress in OPAC | No |
| Koha item type | Books |
| Edition | 21 |
| Withdrawn status | Lost status | Source of classification or shelving scheme | Damaged status | Not for loan | Collection | Home library | Current library | Date acquired | Total checkouts | Full call number | Barcode | Date last seen | Copy number | Price effective from | Koha item type | Source of acquisition |
|---|---|---|---|---|---|---|---|---|---|---|---|---|---|---|---|---|
| Dewey Decimal Classification | Not for loan | القانون الدولي العام | جــــامعة القــاهرة | مكتبة كلية الحقوق - المبنى الرئيسي | 07.11.2025 | Law1 11 341.2 م ح . ن 1 ed- 2009 1004676 C1 | B11-04676 | 07.11.2025 | 1 | 07.11.2025 | Books | |||||
| Dewey Decimal Classification | القانون الدولي العام | جــــامعة القــاهرة | مكتبة كلية الحقوق - المبنى الرئيسي | 17.11.2025 | Law1 11 341.2 م ح . ن 1 ed- 2009 1104931 C2 | B11-04931 | 17.11.2025 | 2 | 17.11.2025 | Books | ||||||
| Dewey Decimal Classification | القانون الدولي العام | مكتبة كلية الحقوق - فـرع الشيخ زايد | مكتبة كلية الحقوق - فـرع الشيخ زايد | 19.04.2026 | Law2 11 341.2 م ح . ن 1 ed- 2009 1110116 C3 | B11-10116 | 19.04.2026 | 3 | 19.04.2026 | Books | إهداء مكتبة الأستاذ الدكتور صلاح عامر |